000
00497nam a2200181Ia 4500
008
100917s9999 xx 000 0 und d
082
_b
53981
100
_a
आठवले शं. कृ.
245
_a
अब्रुसाठी
260
_b
शेठ हिरजी
_c
1940
300
_a
199
365
_b
2.5
520
_a
कादंबरी
630
_a
अब्रुसाठी
650
_a
कादंबरी
730
_a
अब्रुसाठी
942
_c
BOOK
999
_c
659375
_d
659372